Catálogo

Vista normal Vista MARC

Entrada Personal Name

Número de registros utilizados en: 1

001 - CONTROL NUMBER

  • control field: 4396

003 - CONTROL NUMBER IDENTIFIER

  • control field: DLC

005 - DATE AND TIME OF LATEST TRANSACTION

  • control field: 20221121091202.0

008 - FIXED-LENGTH DATA ELEMENTS

  • fixed length control field: 100301n| azannaabn |n aaa

010 ## - LIBRARY OF CONGRESS CONTROL NUMBER

  • LC control number: n 2010180819

035 ## - SYSTEM CONTROL NUMBER

  • System control number: (OCoLC)oca08411339

040 ## - CATALOGING SOURCE

  • Original cataloging agency: DNLM
  • Language of cataloging: spa
  • Description conventions: rda
  • Transcribing agency: Mx-PuUPA
  • Modifying agency: DNLM
  • Modifying agency: Mx-PuUPA

100 1# - HEADING--PERSONAL NAME

  • Personal name: Marcdante, Karen J.,

374 ## - OCCUPATION

  • Occupation: Autor

375 ## - GENDER

  • Gender: mujer

377 ## - ASSOCIATED LANGUAGE

  • Language code: spa

670 ## - SOURCE DATA FOUND

  • Source citation: Nelson essentials of pediatrics, c2011:
  • Information found: ECIP t.p. (Karen J. Marcdante, MD, prof. and vice chair of Education Dept. of Pediatrics Medical College of Wisconsin, medical director, Transport Services, Children¿s Hospital of Wisconsin, Milwaukee, Wisconsin)